LEADER 01397nam0 2200385 450 001 000025629 005 20110506125138.0 010 $a88-222-5272-1 020 $b2004-8448 100 $a20090507d2003----km-y0itay50------ba 101 0 $aita$ager 102 $aIT 105 $aa-------001yy 200 1 $aPaesaggio culturale e biodiversità$eprincipi generali, metodi, proposte operative$fa cura di Rita Colantonio Venturelli e Felix Muller 210 $aFirenze$cL. S. Olschki$d2003 215 $aXV, 258 p., [7] c. di tav.$cill.$d24 cm 225 2 $aVilla Vigoni 225 2 $aGiardini e paesaggio$v7 410 0$12001$aVilla Vigoni 410 0$12001$aGiardini e paesaggio 500 10$aPaesaggio culturale e biodiversità$959022 610 1 $aBoschi e foreste$aTutela$aItalia 610 1 $aItalia$aRisorse naturali$aTutela 610 1 $aGermania$aRisorse naturali$aTutela 610 1 $aBoschi e foreste$aTutela$aGermania 676 $a333.750943$v21$9Foreste 676 $a333.9516$v21$9Risorse biologiche. Conservazione e protezione 676 $a712$v21$9Paesistica (Architettura del paesaggio) 702 1$aMüller,$bFelix 702 1$aColantonio Venturelli,$bRita 801 0$aIT$bUNIPARTHENOPE$c20090507$gRICA$2UNIMARC 912 $a000025629 951 $aDISAM 577-P/1$b3155$cDISAM$d2009 996 $aPaesaggio culturale e biodiversità$959022 997 $aUNIPARTHENOPE